000 00498nam a2200181 i 4500
001 83251
003 ES-MaACL
005 20250920063049.0
007 t|
008 041116s1955 sp ||||1| spa d
100 1 _aInsúa, Alberto,
_d1885-1963
_965346
245 1 0 _aNieves en Buenos Aires /
_cAlberto Insúa.
250 _a[1ª ed.].
260 _aMadrid :
_bTesoro,
_c[1955] (
_fRuan)
300 _a426 p. ;
_c21 cm.
852 _aES-MaACL
_jC-9600
_bR.37647
999 _c83251
_d83251